000 00543nam a2200205Ia 4500
003 GCL
008 140319s9999 xx 000 0 ara d
020 _a3372102977
040 _aGCL /
_cGCL
082 0 4 _a810.8
_bم ل
100 1 _aمصطفى محمود
245 1 0 _aلغز الحياة /
_cمصطفى محمود
250 _aالسادسة
260 _aالقاهرة :
_bدار المعارف ،
_c1992
300 _a109 ص ؛
_c18 سم
490 _a
650 0 4 _aالفلسفة
650 0 4 _aالحياة
942 _2ddc
_cBK
999 _c30928
_d30928